La casa maldita /
Una casa abandonada que da miedo. Un baúl cubierto de polvo que es, en realidad, el camino para viajar a través del tiempo. Irene René Levene y Matías Elías Díaz retrocederán cuarenta años sin darse cuenta y se encontrarán con sus padres, que son menores que ellos mismos ¡El problema? regresar a su...
Guardado en:
| Autor Principal: | |
|---|---|
| Otros Autores: | |
| Formato: | Libro |
| Publicado: |
Buenos Aires :
Alfaguara,
2008.
|
| Edición: | 1a ed. |
| Series: | Alfaguara Infantil. Naranja
|
| Materias: | |
| Etiquetas: |
Agregar Etiqueta
Sin Etiquetas, Sea el primero en etiquetar este registro!
|
| LEADER | 01045nam a22002415a 4500 | ||
|---|---|---|---|
| 001 | CEM.cems020051 | ||
| 008 | 230502s2008##################000#0#####d | ||
| 005 | 20230502103135.0 | ||
| 245 | 1 | 0 | |a La casa maldita / |c Ricardo Mariño ; ilustrado por Mónica Cahué. |
| 250 | |a 1a ed. | ||
| 260 | |a Buenos Aires : |b Alfaguara, |c 2008. | ||
| 300 | |a 80 p. | ||
| 490 | 0 | |a Alfaguara Infantil. Naranja | |
| 520 | |a Una casa abandonada que da miedo. Un baúl cubierto de polvo que es, en realidad, el camino para viajar a través del tiempo. Irene René Levene y Matías Elías Díaz retrocederán cuarenta años sin darse cuenta y se encontrarán con sus padres, que son menores que ellos mismos ¡El problema? regresar a su propia época sin equivocarse | ||
| 020 | |a 9789870409786 | ||
| 100 | 1 | |a Mariño, Ricardo | |
| 700 | 1 | |a Cahué, Mónica; il. | |
| 082 | 0 | 4 | |a A863.4 |
| 653 | |a Literatura infantil | ||
| 653 | |a Literatura juvenil | ||
| 653 | |a Novela | ||
| 653 | |a Literatura Argentina | ||
| 859 | |a CEMS |b BIB. CEMS - Agricultura |h A863.4 |i M339-5 |p A3578.23 |t Ej.1 | ||
